000 00633nam a2200181Ia 4500
008 090124s9999 xx 000 0 und d
082 _b20711
_a567
100 _aजोशी ग. ल. तथा नाना
245 _a माझा अमेरिकेचा प्रवास
250 _a1
260 _c1974
300 _a75
600 _aजोशी ग. ल. तथा नाना
630 _a माझा अमेरिकेचा प्रवास
700 _aजोशी ग. ल. तथा नाना
730 _a माझा अमेरिकेचा प्रवास
942 _cBOOK
999 _c134513
_d134513